| 000 | 00833nam a2200265 i 4500 | ||
|---|---|---|---|
| 001 | bg | ||
| 245 | 0 | 0 |
_aBautabellen für Ingenieure : _bmit Berechnungshinweisen und Beispielen / _chrsg. von Klaus-Jürgen Schneider ; mit Beitr. von Rudolf Bertig [et al.]. |
| 250 | _a13. Aufl. | ||
| 260 |
_aDüsseldorf : _bWerner, _c1998. |
||
| 300 |
_a1520 s. pag. varia : _brys., wykr. ; _c25 cm + _eCD-ROM. |
||
| 490 | 1 | _aWerner-Ingenieur-Texte | |
| 650 | 9 | _aBudownictwo | |
| 650 | 9 | _aKonstrukcje budowlane | |
| 655 | _aTablice i wzory | ||
| 700 | 1 |
_aSCHNEIDER, Jürgen. _eOprac. |
|
| 700 | 1 | _aBERTIG, Rudolf. | |
| 830 | _aWerner-Ingenieur-Texte | ||
| 020 | _a3804134777 | ||
| 040 | _cBPK | ||
| 041 | 0 | _ade | |
| 080 | _a624.01/.07+69](083) | ||
| 920 | _a3-8041-3477-7 | ||
| 942 | _cKS | ||
| 008 | s pl f |000 0 pol | ||
| 999 |
_c34227 _d34227 |
||
| 856 |
_uhttp://koha.tu.koszalin.pl/cgi-bin/koha/opac-detail.pl?biblionumber=34227 _yKatalog online BPK |
||